|
|
|
|
| LEADER |
01129nam a22002537a 4500 |
| 001 |
32982 |
| 003 |
BD-DhAAL |
| 005 |
20180527143032.0 |
| 008 |
180412t2011 bg ||||| |||| 00| 1 ben d |
| 999 |
|
|
|c 39242
|d 39242
|
| 020 |
|
|
|a 9789848815526
|
| 040 |
|
|
|a BD-DhAAL
|c BD-DhAAL
|
| 082 |
|
|
|a 891.4437
|2 23
|
| 100 |
|
|
|a চট্টোপাধ্যায়, শরৎচন্দ্র
|9 21674
|
| 245 |
|
|
|a শ্রীকান্ত /
|c শরৎচন্দ্র চট্টোপাধ্যায়
|
| 246 |
|
|
|a Srikanta
|
| 260 |
|
|
|a ঢাকা :
|b দি ইউনিভার্সিটি প্রেস লিমিটেড,
|c ২০১১
|
| 300 |
|
|
|a ৪৬০ পৃষ্ঠা :
|c ২২ সে.মি.
|
| 526 |
|
|
|a AAL
|
| 541 |
|
|
|a The University Press Limited
|e 32982
|
| 650 |
|
|
|a Short stories, Bengali
|9 21675
|
| 852 |
|
|
|a Ayesha Abed Library
|c General Stacks
|
| 942 |
|
|
|2 ddc
|c BK
|
| 952 |
|
|
|0 0
|1 0
|2 ddc
|4 0
|6 891_443700000000000_CHA
|7 0
|9 63144
|a BRACUL
|b BRACUL
|c GEN
|d 2018-04-11
|e The University Press Limied
|g 318.50
|l 21
|m 198
|o 891.4437 CHA
|p 3010032982
|q 2026-06-02
|r 2025-11-19
|s 2025-11-19
|t 1
|v 425.00
|w 2018-04-11
|y BK
|